El proceso de la investigación científica. Incluye evaluación y administración de proyectos de investigación (Registro nro. 26288)

Detalles MARC
000 -LÍDER
fixed length control field 00579nam a2200145 4500
020 ## - NÚMERO INTERNACIONAL NORMALIZADO PARA LIBROS
ISBN 978-607-05-0138-8
050 ## - SIGNATURA TOPOGRAFICA DE LA BIBLIOTECA DEL CONGRESO (LC)
Número de Clasificación Q180.55.M4 T35 2009
082 ## - NUMERO DE CLASIFICACION DECIMAL DEWEY
Número de Clasificación 001.422.2 T725p
100 ## - ASIENTO PRINCIPAL--NOMBRE PERSONAL
Nombre personal Tamayo y Tamayo, Mario
245 ## - TÍTULO
Título El proceso de la investigación científica. Incluye evaluación y administración de proyectos de investigación
250 ## - MENCIÓN DE EDICIÓN
Mención de edición 5
260 ## - PUBLICACIÓN, DISTRIBUCIÓN, ETC. (PIE DE IMPRENTA)
Lugar de publicación, distribución, etc. México : Limusa
300 ## - DESCRIPCIÓN FÍSICA
Extensión 444 p. / 23 cm
650 ## - ASIENTO SECUNDARIO DE MATERIA - TERMINO TEMÁTICO
Término temático o nombre geográfico como elemento de entrada 1. PROYECTOS DE INVESTIGACION 2. METODOLOGIA DE LA INVESTIGACION
Existencias
No. biblioteca No. biblioteca Número de clasificación Código de barras/Número de adquisición Número de copia Tipo de material
AREA DE ADMINISTRACIÓN AREA DE ADMINISTRACIÓN 001.422.2 T725p 50899 9 Libros
AREA DE ADMINISTRACIÓN AREA DE ADMINISTRACIÓN 001.422.2 T725p 50900 10 Libros
ÁREA DE ELECTROMECÁNICA LUIS G. INCLAN 001.422.2 T725p 50698 4 Libros
ÁREA DE ELECTROMECÁNICA ÁREA DE ELECTROMECÁNICA 001.422.2 T725p 50695 1 Libros
ÁREA DE ELECTROMECÁNICA ÁREA DE ELECTROMECÁNICA 001.422.2 T725p 50696 2 Libros
ÁREA DE ELECTROMECÁNICA ÁREA DE ELECTROMECÁNICA 001.422.2 T725p 50697 3 Libros
ÁREA DE ELECTROMECÁNICA ÁREA DE ELECTROMECÁNICA 001.422.2 T725p 50699 5 Libros
ÁREA DE ELECTROMECÁNICA ÁREA DE ELECTROMECÁNICA 001.422.2 T725p 50700 6 Libros
ÁREA DE ELECTROMECÁNICA ÁREA DE ELECTROMECÁNICA 001.422.2 T725p 50701 7 Libros
ÁREA DE ELECTROMECÁNICA ÁREA DE ELECTROMECÁNICA 001.422.2 T725p 50702 8 Libros
Calzada Tecnológico # 27, Zacatepec, Morelos.
01(734) 343-07-23 / 343-21-10 / 343-21-11
Apdo. Postal 45 C.P 62780